Psychology : (Record no. 136235)
[ view plain ]
| 000 -LEADER | |
|---|---|
| fixed length control field | 00678nam a22002177a 4500 |
| 010 ## - LCCN (DPL NO) | |
| LC control number | B-158855 B-158862, B-158856 |
| 020 ## - INTERNATIONAL STANDARD BOOK NUMBER | |
| International Standard Book Number | 8176487260 |
| Terms of availability | . |
| 035 ## - SYSTEM CONTROL NUMBER | |
| System control number | B-158855,B-158861 B-158862 |
| 035 ## - SYSTEM CONTROL NUMBER | |
| System control number | B-158856 |
| 037 ## - SOURCE OF ACQUISITION | |
| Source of stock number/acquisition | Cen Lib/Ret |
| 082 ## - DEWEY DECIMAL CLASSIFICATION NUMBER | |
| Classification number | 150 |
| Item number | JAF |
| 100 ## - MAIN ENTRY--PERSONAL NAME | |
| Personal name | Mahmud, Jafar |
| 245 ## - TITLE STATEMENT | |
| Title | Psychology : |
| Remainder of title | Systems and theories / |
| Statement of responsibility, etc | by Jafar Mahmud |
| 260 ## - PUBLICATION, DISTRIBUTION, ETC. (IMPRINT) | |
| Place of publication, distribution, etc | New Delhi |
| Name of publisher, distributor, etc | A P H Publishing Corporation |
| Date of publication, distribution, etc | 2004 |
| 270 ## - ADDRESS | |
| Address | 5 Ansari Road Darya Ganj |
| City | New Delhi |
| Postal code | 110002 |
| 300 ## - PHYSICAL DESCRIPTION | |
| Extent | 225p. |
| Dimensions | 18cm.(Hb) |
| 650 ## - SUBJECT ADDED ENTRY--TOPICAL TERM | |
| Topical term or geographic name as entry element | Psychology -- History. |
| 650 ## - SUBJECT ADDED ENTRY--TOPICAL TERM | |
| Topical term or geographic name as entry element | Allgemeine Psychologie. |
| 942 ## - ADDED ENTRY ELEMENTS (KOHA) | |
| Source of classification or shelving scheme | Dewey Decimal Classification |
| Item type | English Books |
| Classification part | 150 |
| Call number suffix | JAF |
| Withdrawn status | Lost status | Not for loan | Home library | Current library | Date acquired | Source of acquisition | Cost, normal purchase price | Full call number | Barcode | Copy number | Cost, replacement price | Koha item type | Collection code |
|---|---|---|---|---|---|---|---|---|---|---|---|---|---|
| Central Library | Central Library | 12/02/2016 | Cen Lib/Ret | 0.00 | 150 JAF | B-158855 | 1 | 0.00 | English Books | ||||
| R.C.Libraries (zls) | R.C.Libraries (zls) | 02/11/2018 | 150 JAF | B-158861 | 1 | English Books | Non-fiction | ||||||
| R.C.Libraries (zls) | R.C.Libraries (zls) | 16/11/2018 | 0.00 | 150 JAF | B-158862 | 0.00 | English Books | Non-fiction | |||||
| R.K.Puram-8 | R.K.Puram-8 | 15/01/2020 | BPPD/Purchase | 0.00 | 150 JAF | B-158856 | 1 | 0.00 | English Books | Non-fiction |
